000 nam a22 a 4500
999 _c59222
_d59222
003 BLK
005 20221021145829.0
008 180408b bul|||||r ||||||| ||bul||
040 _aBLK
041 _aBUL
_cBUL
080 _aМеханика на деформируемите тела. Еластичност. Деформация. Вж и 620. 1
_b539.3
_x(075.8)
_z539.3(075.8)
080 _aСтроителна механика. Методи за изчисляване на строителните конструкции
_b624.04
_x(075.8)
_z624.04(075.8)
100 1 _aВърбанов, Христо Петров
_eпърви автор
_9257596
139 _aВърбанов, Христо Петров
245 1 0 _aТеория на еластичността
_bУчебник за студентите от ВИСИ
_cХристо П. Върбанов.
250 _a4. прераб. изд.
257 _aBGR
260 _aСофия
_bТехника
_c1976
300 _a400 с.
_bс черт.
_c25 см
380 _a5
500 _a1. изд. 1955. - Библиогр. с. 393-396. - Именен, предм. показалци.
650 4 _aЕластичност - теория - учебници за ВУЗ
_9154519
650 4 _aСтроителна механика - учебници за ВУЗ
_9260674
653 _aеластичност
653 _aстроителна механика
653 _aучебници за ВУЗ
852 _aЦб 83029
_bЦб
856 4 _qpdf
_i0.00
_ldisable
942 _cKNG
_n0
_s1
944 _aCR
_c13.06.2004
_kВаля_Йорданова
944 _aED
_c2022-10-21